|
|
|
|
| LEADER |
00662nam a22002052a 4500 |
| 001 |
001391247 |
| 003 |
CZ BrMZK |
| 005 |
20140611132739.0 |
| 007 |
ta |
| 008 |
140530s1960 ru er|||||||||||rus d |
| 040 |
|
|
|a ABA001
|b cze
|d ABA001
|d BOA001
|
| 100 |
1 |
|
|a Andrejev, Ivan Dmitrijevič
|7 jx20041103014
|4 aut
|
| 245 |
1 |
0 |
|a Dialektičeskij materializm :
|b kurs lekcij /
|c Ivan Dmitrijevič Andrejev
|
| 260 |
|
|
|a Moskva :
|b Akademija nauk SSSR,
|c 1960
|
| 300 |
|
|
|a 501 s.
|
| 504 |
|
|
|a Obsahuje bibliografii
|
| 910 |
|
|
|a BOA001
|b 2-0456.184
|
| 990 |
|
|
|a BK
|
| 991 |
|
|
|b 201405
|
| 996 |
7 |
|
|b 2619081525
|c 2-0456.184
|l MZK
|r Sklad / do 24 hodin
|n 0
|w 001426203
|u 000010
|a 1
|e BOA001
|j MZK50
|s A
|